LEADER 00952cam0-22003131i-4500 001 990004383000403321 005 20170130162227.0 010 $a2-05-101721-2 035 $a000438300 035 $aFED01000438300 035 $a(Aleph)000438300FED01 035 $a000438300 100 $a20030523d2000----km-y0itay50------ba 101 0 $afre 102 $aCH 105 $ay-------001zy 200 1 $aEcrits d'un humaniste engané$fBenjamin Constant$gtextes choisis, édotés et commentés par Ephraïm Harpaz 210 $aGenève$cSlatkine reprints$d2000 215 $aLXIX, 230 p.$d23 cm 676 $a848.609$v20$zita 700 1$aConstant,$bBenjamin$f<1767-1830>$0134787 702 1$aHarpaz,$bEphraïm$f<1920-2011> 801 0$aIT$bUNINA$gRICA$2UNIMARC 901 $aBK 912 $a990004383000403321 952 $a848.609 CONS 2(1)$bBibl.46276$fFLFBC 959 $aFLFBC 996 $aEcrits d'un humaniste engané$9541650 997 $aUNINA LEADER 00964nam0-22003011i-450 001 990001734590403321 005 20190416120501.0 035 $a000173459 035 $aFED01000173459 035 $a(Aleph)000173459FED01 035 $a000173459 100 $a20030910d1977----km-y0itay50------ba 101 0 $aita 102 $aIT 200 1 $a<>riserva naturale orientata di Campolino$easpetti naturalistici e selvicolturali$epiano di gestione$fMinistero dell'Agricoltura e delle Foreste 210 $aRoma$cMAF$d1977 215 $a102 p.$c1 carta silografica$d24 cm 225 1 $aCollana verde$v47 610 0 $aFlora protetta 676 $a639.99 710 01$aItalia.$bMinistero dell'agricoltura e delle foreste$0287625 801 0$aIT$bUNINA$gRICA$2UNIMARC 901 $aBK 912 $a990001734590403321 952 $a60 719.3 MDAF 1977$b1847$fFAGBC 959 $aFAGBC 996 $aRiserva naturale orientata di Campolino$91550278 997 $aUNINA LEADER 01065nam a22002653i 4500 001 991003418259707536 005 20031006161824.0 008 031111s1966 it |||||||||||||||||ita 035 $ab12423634-39ule_inst 035 $aARCHE-045692$9ExL 040 $aDip.to Lingue$bita$cA.t.i. Arché s.c.r.l. Pandora Sicilia s.r.l. 082 04$a804 100 1 $aVincenti, Leonello$0188542 245 10$aAlfieri e lo "Sturm und Drang" e altri saggi di letteratura italiana e tedesca /$cLeonello Vincenti ; con una premessa di Sergio Lupi 260 $aFirenze :$bLeo S. Olschki,$c1966 300 $aVIII, 292 p. ;$c21 cm 440 0$aSaggi di Lettere italiane 650 4$aLetteratura italiana e letteratura tedesca$xStudi 700 1 $aLupi, Sergio 907 $a.b12423634$b02-04-14$c13-11-03 912 $a991003418259707536 945 $aLE012 VIN 10715$g1$i2012000089297$lle012$o-$pE0.00$q-$rl$s- $t0$u0$v0$w0$x0$y.i12845280$z13-11-03 996 $aAlfieri e lo Sturm und Drang$9528790 997 $aUNISALENTO 998 $ale012$b13-11-03$cm$da $e-$fita$git $h0$i1 LEADER 01083nam a2200289 i 4500 001 991001160459707536 005 20020507184343.0 008 980410s1993 uk ||| | eng 020 $a0582234352 035 $ab10809107-39ule_inst 035 $aLE01307988$9ExL 040 $aDip.to Matematica$beng 082 0 $a519.4 084 $aAMS 65N30 100 1 $aBramble, James H.$060323 245 10$aMultigrid methods /$cJames H. Bramble 260 $aHarlow, Essex, England :$bLongman ; New York : John Wiley,$c1993 300 $a161 p. :$bill. ;$c25 cm. 490 0 $aPitman research notes in mathematics series, ISSN 02693674 ;$v294 500 $aIncludes bibliographical references (p. 151-158) and index 650 4$aMultigrid methods (Numerical analysis) 907 $a.b10809107$b23-02-17$c28-06-02 912 $a991001160459707536 945 $aLE013 65N BRA11 (1993)$g1$i2013000097367$lle013$o-$pE0.00$q-$rl$s- $t0$u2$v1$w2$x0$y.i10914316$z28-06-02 996 $aMULTIGRID methods$9376325 997 $aUNISALENTO 998 $ale013$b01-01-98$cm$da $e-$feng$guk $h0$i1 LEADER 04061 am 2200661 n 450 001 9910252740103321 005 20170615 010 $a2-7535-6570-8 024 7 $a10.4000/books.pur.43155 035 $a(CKB)4100000001653824 035 $a(FrMaCLE)OB-pur-43155 035 $a(oapen)https://directory.doabooks.org/handle/20.500.12854/58204 035 $a(PPN)267959206 035 $a(EXLCZ)994100000001653824 100 $a20180117j|||||||| ||| 0 101 0 $afre 135 $auu||||||m|||| 181 $ctxt$2rdacontent 182 $cc$2rdamedia 183 $acr$2rdacarrier 200 10$aRennes sous la iiie République $eCahiers d'Edmond Vadot, secrétaire général de la ville de 1885 à 1909 /$fPatrick Harismendy 210 $aRennes $cPresses universitaires de Rennes$d2017 215 $a1 online resource (546-[24] p.) 311 $a2-7535-0631-0 330 $aDepuis quarante ans, la Bibliothèque municipale de Rennes détenait un curieux manuscrit comme on disait au xixe siècle. Tellement curieux ? et impressionnant d?ailleurs avec ses 1800 pages ? , que cet ensemble formé des Cahiers d?écolier tenus par Edmond Vadot, secrétaire général de la mairie de Rennes de 1885 à 1909, était demeuré inédit. Et pourtant, il est bien question d?une histoire de la Ville, vue et vécue de l?intérieur par un observateur placé au croisement idéal pour en comprendre les ressorts. Pas moins de sept maires se succèdent dans cette chronique, faisant passerelle entre Edgar Le Bastard et Jean Janvier, ici réunis par un même désir de modernisation. On y perçoit aussi les effets très directs de l?affaire Dreyfus et les changements de majorités municipales qui en résultent, les relations souvent compliquées avec l?État à travers ses préfets, comme les tentations d?un fonctionnaire un peu trop entreprenant devant un pouvoir municipal incertain de lui-même. Mais c?est aussi à l?histoire d?une migration géographique et professionnelle, à une trajectoire sociale et à un itinéraire psychique qu?invite ce texte, déconcertant par son mode de composition, comme par son contenu. De fait, la vie de bureau laisse assez de loisirs, entre deux conversations, pour qu?à côté des portraits parfois acides et des délibérations municipales, l?esprit puisse divaguer. De la Bresse reconstruite par l?imaginaire aux plaisirs balnéaires des rivages de la Manche, des jalousies entre élus rennais aux aléas domestiques, en passant par l?expérience terrible de la guerre francoprussienne de 1870, la langueur et les doutes de la Belle Époque trouvent en Vadot un mémorialiste inattendu, aux confluences de l?extraordinaire et de la banalité. À l?apogée du scientisme bien des doutes subsistent en effet, auxquels savants, vulgarisateurs... et tables tournantes tentent de répondre à leur manière. II fallait donc plusieurs yeux pour lire ces Cahiers et plusieurs mains pour les? 606 $aHistory 606 $aRennes 606 $aIIIe République 606 $aXIXe siècle 606 $acahier 606 $aEdmond Vadot 610 $aRennes 610 $aIIIe République 610 $aEdmond Vadot 610 $acahier 610 $aXIXe siècle 615 4$aHistory 615 4$aRennes 615 4$aIIIe République 615 4$aXIXe siècle 615 4$acahier 615 4$aEdmond Vadot 700 $aBihan$b Jean Le$01306992 701 $aBleton-Ruget$b Annie$01323045 701 $aBurguin$b Pascal$01323046 701 $aDelaveau$b Daniel$01323047 701 $aEdelman$b Nicole$01317079 701 $aHarismendy$b Patrick$0167114 701 $aHélard$b André$01291133 701 $aJoly$b Vincent$01293442 701 $aLaurent$b Catherine$01302354 701 $aTanguy$b Jean-François$01293350 701 $aHarismendy$b Patrick$0167114 801 0$bFR-FrMaCLE 906 $aBOOK 912 $a9910252740103321 996 $aRennes sous la iiie République$93035337 997 $aUNINA